000 00612nam a2200217Ia 4500
005 20250425162833.0
008 250425s9999 xx 000 0 und d
020 _a9798401860637
041 _aeng
082 _a777.7
_pBRI
100 _aBrito, Allan
245 0 _aBlender 3.0 : the beginner's
_cAllan Brito
260 _z
_bAllan Brito
_c2022
300 _a367 páginas
650 _aAnimación por computadora
650 _aBlender (archivo de computadora)
650 _aSistemas de visualización tridimensional
650 _asoftware libre y de código abierto
942 _c01
010 _a112242
999 _c237451
_d237451